| 000 | 00635nam a22001337a 4500 | ||
|---|---|---|---|
| 040 | _cRUA | ||
| 082 | _aVEM TEN 2015 B525 Or.1 | ||
| 100 | _aTENG DARA; តេង តារា | ||
| 245 | _aSurvey on native chickens diseases in doung som arth farm at dangkor district, phnom penh; អង្កេតជំងឺដែលជួបប្រទះចំពោះមាន់ស្រុកនៅកសិដ្ឋាន ឌួង សំអាត នៅខណ្ឌដង្កោ រាជធានីភ្នំពេញ | ||
| 260 |
_aPhnom Penh _bRUA _c2015 |
||
| 300 |
_aviii; 38p; _bill; _c29cm; |
||
| 856 | _u TENG DARA | ||
| 942 | _cVEM | ||
| 999 |
_c10615 _d10615 |
||